Využitie finančnej analýzy v riadiacej činnosti manažéra a finančné prostriedky z Európskej únie

Štrukturálne fondy EÚ. Využitie finančnej analýzy pre získanie finančných prostriedkov zo sektorového operačného programu Poľnohospodárstvo a rozvoj vidieka (SOP P– RV). Finančná analýza v procese podávania žiadosti, preukázania návratnosti investície projektu žiadateľa, spracovania podnikateľského...

Ausführliche Beschreibung

Gespeichert in:
Bibliographische Detailangaben
1. Verfasser: Majerník, Milan
Format: Buchkapitel
Sprache:Slowakisch
Schlagworte:
Tags: Tag hinzufügen
Keine Tags, Fügen Sie das erste Tag hinzu!

MARC

LEADER 00000nla$a2200000$$$4500
001 0059794
005 20220316102347.5
041 0 |a slo 
044 |a SK 
245 1 0 |a Využitie finančnej analýzy v riadiacej činnosti manažéra a finančné prostriedky z Európskej únie  |c Milan Majerník 
520 |a Štrukturálne fondy EÚ. Využitie finančnej analýzy pre získanie finančných prostriedkov zo sektorového operačného programu Poľnohospodárstvo a rozvoj vidieka (SOP P– RV). Finančná analýza v procese podávania žiadosti, preukázania návratnosti investície projektu žiadateľa, spracovania podnikateľského plánu a v procese preukázania financovania projektu. 
610 2 0 |a analýza finančná 
610 2 0 |a fondy štruktúrne 
610 2 0 |a Európska únia 
610 2 0 |a prostriedky peňažné 
610 2 0 |a poľnohospodárstvo 
610 2 0 |a efektívnosť ekonomická 
610 2 0 |a účtovníctvo 
610 2 0 |a plán podnikateľský 
610 2 0 |a projekty investičné 
100 1 |a Majerník, Milan